[Event "MNE-chT 2nd League"]
[Site "Cetinje"]
[Date "2022.10.15"]
[Round "2"]
[White "Damjanovic, Radovan"]
[Black "Curovic, Dragan"]
[Result "1/2-1/2"]
[WhiteElo "1812"]
[BlackElo "1189"]
[PlyCount "75"]
[EventDate "2022.10.14"]
[EventType "team-tourn"]
[EventRounds "5"]
[EventCountry "MNE"]
[SourceTitle "EXT 2024"]
[Source "ChessBase"]
[SourceDate "2023.10.10"]
[SourceVersion "1"]
[SourceVersionDate "2023.10.10"]
[SourceQuality "1"]
[WhiteTeam "Zora"]
[BlackTeam "Savnik"]
[WhiteTeamCountry "MNE"]
[BlackTeamCountry "MNE"]

1. e4 e5 2. Nf3 Nc6 3. Bc4 Nf6 4. Nc3 Bb4 5. d3 h6 6. 0-0 0-0 7. h3 d6 8. Nh2 Be6 9. Bb3 Nh7 10. f4 exf4 11. Bxf4 Qd7 12. d4 Nxd4 13. Be3 Nxb3 14. axb3 Bxc3 15. bxc3 f5 16. exf5 Rxf5 17. Rxf5 Bxf5 18. Qd5+ Qe6 19. Qxe6+ Bxe6 20. Rxa7 Rxa7 21. Bxa7 Bf5 22. Bb8 Bxc2 23. b4 c6 24. Bxd6 Nf6 25. Ng4 Nxg4 26. hxg4 Bd1 27. g5 hxg5 28. Be5 Kf7 29. Kf2 g4 30. g3 g6 31. Bd4 Ke6 32. Bh8 Kd5 33. Bg7 c5 34. bxc5 Kxc5 35. Bh8 b5 36. Bg7 b4 37. cxb4+ Kxb4 38. Bh8 1/2-1/2

[Event "MNT Team Cup"]
[Site "Herceg Novi"]
[Date "2022.05.20"]
[Round "1.2"]
[White "Milosevic, Milos"]
[Black "Damjanovic, Radovan"]
[Result "1-0"]
[WhiteElo "2288"]
[BlackElo "1812"]
[PlyCount "45"]
[EventDate "2022.05.20"]
[EventType "swiss"]
[EventRounds "5"]
[EventCountry "MNE"]
[SourceTitle "CBM 208 Extra"]
[Source "ChessBase"]
[SourceDate "2022.07.31"]
[SourceVersion "1"]
[SourceVersionDate "2022.07.31"]
[SourceQuality "1"]

1. e4 c5 2. Nc3 Nc6 3. Bb5 d6 4. Bxc6+ bxc6 5. d3 Nf6 6. f4 Rb8 7. Nf3 e6 8. 0-0 Be7 9. Qe1 d5 10. e5 Nd7 11. f5 0-0 12. f6 gxf6 13. Bh6 Kh8 14. Bxf8 Qxf8 15. Rb1 Qg7 16. exf6 Bxf6 17. Ne2 Rxb2 18. Rxb2 Bxb2 19. c3 Ba3 20. Qh4 Nb6 21. Qd8+ Qg8 22. Qe7 f5 23. Qxa7 1-0

[Event "MNT-chT 1st League"]
[Site "Podgorica"]
[Date "2021.05.22"]
[Round "4.4"]
[White "Popovic, Mateja"]
[Black "Damjanovic, Radovan"]
[Result "0-1"]
[WhiteElo "1723"]
[BlackElo "1868"]
[PlyCount "42"]
[EventDate "2021.05.20"]
[EventType "team-tourn"]
[EventRounds "7"]
[EventCountry "MNE"]
[SourceTitle "EXT 2022"]
[Source "ChessBase"]
[SourceDate "2021.10.06"]
[SourceVersion "1"]
[SourceVersionDate "2021.10.06"]
[SourceQuality "1"]

1. d4 d5 2. c4 Nf6 3. Nc3 e6 4. Bg5 Be7 5. e3 Nbd7 6. Nf3 b6 7. Rc1 Bb7 8. cxd5 exd5 9. Bd3 Rc8 10. 0-0 0-0 11. Bf5 Ra8 12. Bxf6 Nxf6 13. Na4 Bc8 14. Bd3 Bg4 15. Qc2 Bxf3 16. gxf3 Bd6 17. e4 Bf4 18. Rcd1 Nh5 19. Rfe1 Qg5+ 20. Kf1 Bxh2 21. Re3 Nf4 0-1

[Event "MNT-chT 1st League"]
[Site "Podgorica"]
[Date "2018.09.28"]
[Round "4.2"]
[White "Bulatovic, Dragan"]
[Black "Damjanovic, Radovan"]
[Result "0-1"]
[WhiteElo "2234"]
[BlackElo "1830"]
[PlyCount "98"]
[EventDate "2018.09.07"]
[EventType "team-tourn"]
[EventRounds "9"]
[EventCountry "MNE"]
[SourceTitle "CBM 187 Extra"]
[Source "ChessBase"]
[SourceDate "2018.11.04"]
[SourceVersion "1"]
[SourceVersionDate "2018.11.04"]
[SourceQuality "1"]
[WhiteTeam "Dijagonale"]
[BlackTeam "Zora"]
[WhiteTeamCountry "MNE"]
[BlackTeamCountry "MNE"]

1. d4 d5 2. Nf3 Nf6 3. c4 e6 4. Nc3 Be7 5. cxd5 exd5 6. Bg5 c6 7. Qc2 Nbd7 8. e3 Nh5 9. h4 Ndf6 10. Ne5 h6 11. Be2 g6 12. g4 hxg5 13. gxh5 Bf5 14. Qb3 Qc7 15. hxg5 Nxh5 16. f4 f6 17. gxf6 Bxf6 18. Rc1 0-0-0 19. Nb5 Qa5+ 20. Kf2 Bxe5 21. dxe5 Kb8 22. Nd6 Rd7 23. Qc3 Qxc3 24. bxc3 Rdh7 25. Nxf5 gxf5 26. Bd3 Nxf4 27. exf4 Rxh1 28. Rxh1 Rxh1 29. Bxf5 Kc7 30. Bg4 Rc1 31. f5 Rh1 32. f6 Rh8 33. e6 Kd8 34. Kg3 Rh6 35. f7 Rf6 36. Kh4 Ke7 37. Kg5 c5 38. Bf5 d4 39. c4 a6 40. a4 b6 41. Kg4 d3 42. Bxd3 Kxe6 43. Be4 Kxf7 44. Bb7 a5 45. Kg5 Ke7 46. Bc8 Rf2 47. Bb7 Kd6 48. Ba6 Ke5 49. Bb7 Kd4 0-1

[Event "IBCA-ol blind 15th"]
[Site "Ohrid"]
[Date "2017.06.25"]
[Round "6.3"]
[White "Damjanovic, Radovan"]
[Black "Janjic, Stefan"]
[Result "0-1"]
[WhiteElo "1838"]
[BlackElo "2147"]
[PlyCount "28"]
[EventDate "2017.06.19"]
[EventType "team-swiss"]
[EventRounds "9"]
[EventCountry "MKD"]
[SourceTitle "CBM 179 Extra"]
[Source "ChessBase"]
[SourceDate "2017.08.23"]
[SourceVersion "1"]
[SourceVersionDate "2017.08.23"]
[SourceQuality "1"]
[WhiteTeam "Montenegro"]
[BlackTeam "Serbia"]
[WhiteTeamCountry "MNE"]
[BlackTeamCountry "SRB"]

1. e4 e6 2. d4 d5 3. Nd2 a6 4. Ngf3 c5 5. c3 Nc6 6. exd5 exd5 7. dxc5 Bxc5 8. Be2 Nf6 9. 0-0 0-0 10. Nb3 Bb6 11. Bg5 h6 12. Bh4 Re8 13. h3 Qd6 14. Bg3 Qxg3 0-1

[Event "MNT-chT 1st League"]
[Site "Podgorica"]
[Date "2014.10.10"]
[Round "7.4"]
[White "Radonjic, Milan"]
[Black "Damjanovic, Radovan"]
[Result "1-0"]
[WhiteElo "1859"]
[BlackElo "1833"]
[PlyCount "39"]
[EventDate "2014.08.29"]
[EventType "team-tourn"]
[EventRounds "9"]
[EventCountry "MNE"]
[SourceTitle "EXT 2018"]
[Source "ChessBase"]
[SourceDate "2017.10.13"]
[SourceVersion "1"]
[SourceVersionDate "2017.10.13"]
[SourceQuality "1"]
[WhiteTeam "Omladinac Buducnost"]
[BlackTeam "Zora"]
[WhiteTeamCountry "MNE"]
[BlackTeamCountry "MNE"]

1. d4 d5 2. c4 e6 3. Nc3 Nf6 4. cxd5 exd5 5. Bg5 Be7 6. e3 c6 7. Qc2 Nbd7 8. Bd3 0-0 9. Nf3 g6 10. h4 Re8 11. 0-0-0 b5 12. Ne2 Nb6 13. Ne5 Bd7 14. Nf4 Ng4 15. Nxf7 Kxf7 16. Bxg6+ Kg8 17. Bxh7+ Kh8 18. Ng6+ Kg7 19. Nxe7 Rxe7 20. f3 1-0

[Event "MNT-chT1"]
[Site "Cetinje"]
[Date "2013.09.20"]
[Round "7"]
[White "Damjanovic, Radovan"]
[Black "Radonjic, Milan"]
[Result "0-1"]
[WhiteElo "1846"]
[BlackElo "1833"]
[PlyCount "106"]
[EventDate "2013.08.30"]
[EventType "team-tourn"]
[EventRounds "9"]
[EventCountry "MNE"]
[SourceTitle "CBM 156 Extra"]
[Source "ChessBase"]
[SourceDate "2013.10.22"]
[SourceVersion "1"]
[SourceVersionDate "2013.10.22"]
[SourceQuality "1"]

1. e4 c5 2. Nf3 d6 3. d4 cxd4 4. Nxd4 Nf6 5. Nc3 a6 6. Be2 e5 7. Nb3 Be6 8. 0-0 Be7 9. Kh1 0-0 10. Bg5 Nbd7 11. Nd5 Nxd5 12. exd5 Bf5 13. Bxe7 Qxe7 14. Bd3 Bxd3 15. Qxd3 Rac8 16. c4 f5 17. Rac1 f4 18. f3 Rf6 19. Qe2 Rh6 20. h3 Nf8 21. Nd2 Ng6 22. Kg1 Nh4 23. Rf2 Nf5 24. Ne4 Ne3 25. Nd2 Nxd5 26. Nf1 Nf6 27. Qc2 Qe6 28. Qb3 Rc7 29. Rd2 Nd7 30. Rcd1 Nc5 31. Qb6 Rc6 32. Qd8+ Kf7 33. b4 Nd7 34. c5 Qe8 35. Qxe8+ Kxe8 36. Rxd6 Rhxd6 37. Rxd6 Rxd6 38. cxd6 Nf6 39. Nd2 Kd7 40. Nc4 e4 41. a4 e3 42. Kf1 Ne8 43. g3 Nxd6 44. Ne5+ Ke6 45. gxf4 Kd5 46. Ke2 Nf5 47. h4 Nxh4 48. Kxe3 Ng2+ 49. Kd2 Nxf4 50. Nf7 Kc4 51. Nd6+ Kxb4 52. Nxb7 Kxa4 53. Kc3 Kb5 0-1